Využitie metód výpočtovej inteligencie na vyhodnocovanie ekotoxicity vôd
Uložené v:
| Hlavný autor: | |
|---|---|
| Ďalší autori: | |
| Médium: | Rukopis Kniha |
| Jazyk: | Slovak |
| Vydavateľské údaje: |
Bratislava :
STU v Bratislave FEI,
2021
|
| Predmet: | |
| On-line prístup: | https://opac.crzp.sk/?fn=detailBiblioForm&sid=4BD9478A3A7038F609243EAC8853&seo=CRZP-detail-kniha |
| Tagy: |
Žiadne tagy, Buďte prvý, kto otaguje tento záznam!
|
MARC
| LEADER | 00000ntm a22000003a 4500 | ||
|---|---|---|---|
| 001 | stuzp82179 | ||
| 003 | SK-STU | ||
| 005 | 20211214094403.7 | ||
| 007 | ta | ||
| 008 | 150427s2015----xo-----f-mn---000-0-slo-d | ||
| 040 | |a STU |b slo | ||
| 041 | 0 | |a slo | |
| 044 | |a xo | ||
| 100 | 1 | |a Medo, Miloš |u 035000 |4 aut |U FEI Fakulta elektrotechniky a informatiky |T FEI Ústav informatiky a matematiky |X 85954 |U E050 |Y 816 |7 85954 | |
| 242 | 0 | 1 | |a Use of computational intelligence methods to evaluate water ecotoxicity |y eng |
| 245 | 1 | 0 | |a Využitie metód výpočtovej inteligencie na vyhodnocovanie ekotoxicity vôd |
| 260 | |a Bratislava : |b STU v Bratislave FEI, |c 2021 | ||
| 300 | |a 123 s., príl. | ||
| 650 | 4 | |a toxicita |2 slo | |
| 650 | 4 | |a neurónová sieť |2 slo | |
| 650 | 4 | |a segmentácia obrazu |2 slo | |
| 650 | 4 | |a klasifikácia |2 slo | |
| 650 | 4 | |a výpočtová inteligencia |2 slo | |
| 650 | 4 | |a lemna minor |2 slo | |
| 650 | 4 | |a toxicity |2 eng | |
| 650 | 4 | |a neural network |2 eng | |
| 650 | 4 | |a computational intelligence |2 eng | |
| 650 | 4 | |a lemna minor |2 eng | |
| 650 | 4 | |a segmentation |2 eng | |
| 650 | 4 | |a classification |2 eng | |
| 700 | 1 | |a Kučera, Erik |u 030400 |k Z1 |4 ths |U FEI Fakulta elektrotechniky a informatiky |T FEI Ústav automobilovej mechatroniky |X 55901 |U E400 |Y 642 |7 A000055901 | |
| 856 | 4 | |u https://opac.crzp.sk/?fn=detailBiblioForm&sid=4BD9478A3A7038F609243EAC8853&seo=CRZP-detail-kniha | |